| 000 | 00920nam a2200277 i 4500 | ||
|---|---|---|---|
| 001 | 773029 | ||
| 003 | EG-ScBUE | ||
| 005 | 20250529081139.0 | ||
| 008 | 701109t1970 nyua f b 001 0 eng d | ||
| 020 | _a0471817554 | ||
| 040 |
_aEG-ScBUE _beng _erda _cEG-ScBUE _dEG-ScBUE |
||
| 082 | 0 | 4 |
_a530.12 _222 _bSPO |
| 100 | 1 |
_aSposito, Garrison, _d1939- _96990 _eauthor. |
|
| 245 | 1 | 3 |
_aAn introduction to quantum physics / _cGarrison Sposito, Department of Physics, Sonoma State College. |
| 246 | 3 | 0 | _aQuantum physics |
| 264 | 1 |
_aNew York : _bJohn Wiley & Sons, Inc., _c[1970] |
|
| 264 | 4 | _cc1970 | |
| 300 |
_axviii, 426 pages : _billustrations ; _c24 cm |
||
| 336 |
_2rdacontent _atext _btxt |
||
| 337 |
_aunmediated _2rdamedia _bn |
||
| 338 |
_avolume _bnc _2rdacarrier |
||
| 504 | _aIncludes bibliographical references and index. | ||
| 650 | 7 |
_aQuantum theory. _96991 _2BUEsh |
|
| 655 | _vReading book | ||
| 942 |
_2ddc _cBB |
||
| 999 |
_c12046 _d12046 |
||